Tengo una gata : trabalenguas popular /

Guardado en:
Autor Principal: Ratti, María Paula
Formato: Libro
Publicado: Buenos Aires : Az, 2013
Series:Cuentos de las buenas noches
Materias:
Etiquetas: Agregar Etiqueta
Sin Etiquetas, Sea el primero en etiquetar este registro!
LEADER 00873nam a22002535a 4500
001 CEM.cems015574
008 130507s2013##################000#0#####d
005 20250604135906.0
245 1 0 |a Tengo una gata :  |b trabalenguas popular /  |c María Paula Ratti 
260 |a Buenos Aires :  |b Az,  |c 2013 
300 |a 24 p. 
490 1 |a Cuentos de las buenas noches 
500 |a Edición especial del Ministerio de Educación de la Nación. 
020 |a 9789873501517 
100 1 |a Ratti, María Paula 
082 0 4 |a A868.4 
653 |a Literatura 
653 |a Literatura argentina 
653 |a Literatura infantil 
653 |a Cuentos infantiles 
653 |a Colección ciencias de la educación 
653 |a Trabalenguas 
859 |a CEMS  |b BIB. CEMS - Inicial y Primaria  |h A861.4  |i R18  |k IP  |p 4061  |t Ej.1 
859 |a CEMS  |b BIB. CEMS - Ccias. Educacion  |h A868.4  |i R18-1  |k CE  |p 29008.19  |t Ej.1